| Tag |
First Indicator |
Second Indicator |
Subfields |
| LEADER |
00000cam a2200000 a 4500 |
| 001 |
in00000027087 |
| 005 |
20151007055901.0 |
| 008 |
870916s1988 enk b 00110 eng |
| 010 |
|
|
|a 87024880
|
| 020 |
|
|
|a 0198244592 :
|c £35.00 ($50.00 U.S.)
|
| 035 |
|
|
|a (OCoLC)16802444
|
| 035 |
|
|
|9 AAB9535AM
|
| 040 |
|
|
|a DLC
|c DLC
|d TXA
|d UtOrBLW
|
| 049 |
|
|
|a TXAM
|c [A11116049]
|
| 050 |
0 |
0 |
|a BT102
|b .B67 1988
|
| 082 |
0 |
|
|a 212/.1
|2 19
|
| 100 |
1 |
|
|a Braine, David.
|
| 245 |
1 |
4 |
|a The reality of time and the existence of God :
|b the project of proving God's existence /
|c David Braine.
|
| 264 |
|
1 |
|a Oxford :
|b Clarendon Press ;
|a Oxford ;
|a New York :
|b Oxford University Press,
|c 1988.
|
| 300 |
|
|
|a xvi, 383 pages ;
|c 23 cm.
|
| 336 |
|
|
|a text
|b txt
|2 rdacontent
|
| 337 |
|
|
|a unmediated
|b n
|2 rdamedia
|
| 338 |
|
|
|a volume
|b nc
|2 rdacarrier
|
| 504 |
|
|
|a Bibliography: pages [365]-370.
|
| 500 |
|
|
|a Includes index.
|
| 650 |
|
0 |
|a God
|x Proof.
|
| 650 |
|
0 |
|a Time.
|
| 999 |
|
|
|a MARS
|
| 999 |
f |
f |
|s 683ec5ec-fa14-3e26-afd2-446f2ae60214
|i f41c156c-c62c-351b-a16f-919dae409bb1
|t 0
|
| 952 |
f |
f |
|p ric
|a Texas A&M University
|b Rellis Campus
|c Joint Library Facility
|d Remote Storage
|t 0
|e BT102 .B67 1988
|h Library of Congress classification
|i unmediated -- volume
|m A14811116049
|
| 998 |
f |
f |
|a BT102 .B67 1988
|t 0
|l Remote Storage
|